000 00591nam a22002177a 4500
942 _cBK
999 _c514
_d514
005 20250420134813.0
008 200728b ||||| |||| 00| 0 eng d
020 _a9781292021423
040 _cKCST
082 _a537.6
_bGr In
100 _aGriffiths, David J.
_94775
245 _a Introduction to electrodynamics /
_cDavid J Griffiths
250 _aPearson new Int. edition
260 _aHarlow:
_bPearson;
_c2014.
300 _a604 p.
650 _aElectrodynamics
_xTextbooks.
_94776
650 _aElectrodynamics.
_91834
655 _aTextbooks.
_94759
942 _2ddc